| 000 | 00531nam a2200205Ia 4500 | ||
|---|---|---|---|
| 003 | OSt | ||
| 005 | 20250303162505.0 | ||
| 008 | 210210b1971 xxu||||| |||| 00| 0 eng d | ||
| 040 | _cAL | ||
| 041 | _ahin | ||
| 082 | _aH891.4 GUPH | ||
| 100 |
_aGUPT (Prabha): _9203565 |
||
| 110 |
_bगुप्त प्रभा _9203566 |
||
| 245 |
_aHasna mana hein _bहसना मन हैं |
||
| 260 |
_aNayi Dilli _bSury Prakashan _c1971 |
||
| 300 | _a103 | ||
| 690 |
_aHindi Prose _9203567 |
||
| 906 | _a029940 | ||
| 942 |
_2ddc _cBK |
||
| 999 |
_c81138 _d81138 |
||